000 00954nam a2200289 i 4500
003 EG-GICUC
005 20260301140237.0
008 260301s1983 fr ||||fr|||| 00| 0 fre d
040 _aEG-GiCUC
_bfre
_cEG-GiCUC
_dEG-GiCUC
_eRda
082 0 4 _221
_a341.48
_bRA . D
092 0 4 _221
099 _aLaw1 11 341.48 RA . D 1983
100 1 _aRaoul, Marion
_eAuteur
245 1 0 _aDéclaration Universelle Des Droits De L'homme Et Réalités Sud-africaines /
_b
_cMarion Raoul.
_n
264 3 _aUnesco :
_bPress Des Univeritaires De France,
_c1983.
300 _a215page :
_billustration ;
_c 24 cm.
336 _2rda contenu
_a texte
337 _2rda medias
_aOrdinateur
338 _2 transporteur rda
_a Ressource en ligne
504 _a
546 _aTexte en français
650 1 4 _aDroit international public
_2
651 1 _2
856 4 0 _uhttps://fll.law.cu.edu.eg/fulltext/bks/B11-09200.pdf
905 _a50
942 _2ddc
_cBK
_e21
_n0
999 _c64489
_d64489